Ciencias de la tierra /
Guardado en:
| Autor Principal: | |
|---|---|
| Otros Autores: | |
| Formato: | Libro |
| Idioma: | Undetermined |
| Publicado: |
Ituzaingó :
Maipue,
2017.
|
| Edición: | 1a ed. |
| Materias: | |
| Etiquetas: |
Agregar Etiqueta
Sin Etiquetas, Sea el primero en etiquetar este registro!
|
| LEADER | 01994nam a22002055a 4500 | ||
|---|---|---|---|
| 001 | CEM.cems025244 | ||
| 008 | 260629s2017####xx#######b####000#0#und#d | ||
| 005 | 20260629183401.0 | ||
| 245 | 1 | 0 | |a Ciencias de la tierra / |c Analía Pérez Riobo y Ana Vrba. |
| 250 | |a 1a ed. | ||
| 260 | |a Ituzaingó : |b Maipue, |c 2017. | ||
| 300 | |a 118 p. ; |c 27 x 19 cm. | ||
| 504 | |a Bibliografía p. 119. | ||
| 505 | 0 | |a LA TIERRA -- Características de la Tierra -- Características principales de la litósfera continental -- Características principales de la litósfera oceánica -- La teoría de la Tectónica de Placas -- Paleomagnetismo -- ¿Cómo se forman los bordes de placas? -- Orogenia -- Manifestaciones externas de la dinámica interna planetaria -- Deformación de las rocas -- EL PAISAJE GEOLÓGICO -- El paisaje -- Procesos endógenos y exógenos -- ¿Cuál es la diferencia entre piedra, roca y mineral? -- Los minerales -- Mineralogía descriptiva -- Las rocas y su ciclo -- Morfogénesis debida a procesos endógenos -- RECURSOS, RESERVAS Y RIESGOS GEOLÓGICOS -- Las tres "R" vinculadas pero diferentes -- Recursos mineros -- Yacimientos originados por procesos ígneos y metamórficos -- Recursos edáficos: los suelos -- Los recursos hídricos -- Convivir con la madre Tierra -- Geoética -- HISTORIA GEOLÓGICA DEL PAISAJE -- Escala -- Corte geológico -- Mapa geológico -- Tiempo geológico -- Edad relativa -- ¿Qué ocurre si no hay deposición de sedimentos y/o ha habido erosión de las rocas? -- Correlación estratigráfica -- Edad absoluta -- Fósiles -- División del tiempoi geológico -- ¿Cómo se formó nuestro planeta? -- ¿Cómo se formaron la atmósfera y los océanos? -- Eón precámbrico -- Eón fanerozoico -- Era mezosoica -- Era cenozoica o terciaria 65, 5-2,6 Ma | |
| 020 | |a 9789873615924 | ||
| 100 | 1 | |a Pérez Riobo, Analía. | |
| 700 | 1 | |a Vrba, Ana. | |
| 653 | |a Geología | ||
| 653 | |a Ciencias de la tierra | ||
| 859 | |a CEMS |b BIB. CEMS - 11 de abril |h 550 |i P451 |p 30897.26 |t Ej.1 | ||
